| 000 | 00629nam a22001817a 4500 | ||
|---|---|---|---|
| 005 | 20250324123436.0 | ||
| 010 | _aENG-140145 | ||
| 020 |
_c325.00 _a9789386537683 |
||
| 035 | _aEN-123677 | ||
| 037 | _bDBAD | ||
| 082 | _a332.68 | ||
| 100 |
_aMaudodi Abul A'la _979854 |
||
| 245 |
_aTowards Understanding Islam _cAbul A'la Maududi |
||
| 260 |
_aNew Delhi _bMarkazi Maktaba Islami Publishers _c2014 |
||
| 270 |
_bnew Delhi _aD- 307, Dawat nagar ,Abul Fazal Enclave ,jamia nagar ,okla ,new Delhi _e110025 _k+11- 26971652 _mmmipublisher@gmail.com |
||
| 300 |
_a144p. _c21cm(pbk) |
||
| 942 |
_2ddc _cEN _h270 _mMAU _e1 |
||
| 999 |
_c210452 _d210452 |
||